Ф. М. Достоевский в Великобритании (1880 г. г.); Коммуникативные аспекты языка и культуры; Ч. 1

Бібліографічні деталі
Parent link:Коммуникативные аспекты языка и культуры: сборник материалов XIV Международной научно-практической конференции студентов и молодых ученых, г. Томск, 21-23 мая 2014 г./ Национальный исследовательский Томский политехнический университет (ТПУ), Институт международного образования и языковой коммуникации (ИМОЯК) ; под ред. С. А. Песоцкой.— , 2014
Ч. 1.— 2014.— [С. 96-102]
Автор: Шатохина А. О. Анастасия Олеговна
Співавтори: Национальный исследовательский Томский политехнический университет (ТПУ) Институт социально-гуманитарных технологий (ИСГТ) Кафедра иностранных языков (ИЯСГТ), Национальный исследовательский Томский политехнический университет (ТПУ) Институт международного образования и языковой коммуникации (ИМОЯК) Кафедра русского языка и литературы (РЯЛ), Национальный исследовательский Томский политехнический университет (ТПУ) Институт кибернетики (ИК) Кафедра инженерной графики и промышленного дизайна (ИГПД)
Інші автори: Седельникова О. В. Ольга Викторовна (научный руководитель)
Резюме:Заглавие с титульного экрана
Мова:Російська
Опубліковано: 2014
Серія:Теория и практика межкультурной коммуникации. Художественный текст в аспекте межкультурной коммуникации
Предмети:
Онлайн доступ:http://earchive.tpu.ru/handle/11683/21491
http://www.lib.tpu.ru/fulltext/c/2014/C77/V1/018.pdf
Формат: Електронний ресурс Частина з книги
KOHA link:https://koha.lib.tpu.ru/cgi-bin/koha/opac-detail.pl?biblionumber=609797

MARC

LEADER 00000naa2a2200000 4500
001 609797
005 20260326104700.0
035 |a (RuTPU)RU\TPU\conf\7331 
035 |a RU\TPU\conf\7330 
090 |a 609797 
100 |a 20141209d2014 k y0rusy50 ca 
101 0 |a rus 
102 |a RU 
135 |a drcn ---uucaa 
181 0 |a i  
182 0 |a b 
200 1 |a Ф. М. Достоевский в Великобритании (1880 г. г.)  |f А. О. Шатохина  |g науч. рук. О. В. Седельникова 
203 |a Текст  |c электронный 
225 1 |a Теория и практика межкультурной коммуникации. Художественный текст в аспекте межкультурной коммуникации 
300 |a Заглавие с титульного экрана 
320 |a [Библиогр.: с. 102 (11 назв.)] 
337 |a Adobe Reader 
461 1 |0 (RuTPU)RU\TPU\conf\7313  |t Коммуникативные аспекты языка и культуры  |o сборник материалов XIV Международной научно-практической конференции студентов и молодых ученых, г. Томск, 21-23 мая 2014 г.  |o в 3 ч.  |f Национальный исследовательский Томский политехнический университет (ТПУ), Институт международного образования и языковой коммуникации (ИМОЯК) ; под ред. С. А. Песоцкой  |d 2014 
463 0 |0 (RuTPU)RU\TPU\conf\7314  |t Ч. 1  |v [С. 96-102]  |d 2014 
600 1 |a Достоевский  |g Федор Михайлович  |f 1821-1881  |c русский писатель  |b Ф. М.  |2 stltpush  |3 (RuTPU)RU\TPU\pers\1038 
610 1 |a труды учёных ТПУ 
610 1 |a электронный ресурс 
610 1 |a Великобритания 
610 1 |a 20 век 
610 1 |a сопоставительный анализ 
610 1 |a английский язык 
610 1 |a переводы 
610 1 |a творчество 
700 1 |a Шатохина  |b А. О.  |c лингвист  |c старший преподаватель Томского политехнического университета  |f 1982-  |g Анастасия Олеговна  |3 (RuTPU)RU\TPU\pers\30732  |9 15003 
702 1 |a Седельникова  |b О. В.  |c лингвист  |c доцент Томского политехнического университета, кандидат филологических наук  |f 1972-  |g Ольга Викторовна  |4 727 
712 0 2 |a Национальный исследовательский Томский политехнический университет (ТПУ)  |b Институт социально-гуманитарных технологий (ИСГТ)  |b Кафедра иностранных языков (ИЯСГТ)  |3 (RuTPU)RU\TPU\col\18376 
712 0 2 |a Национальный исследовательский Томский политехнический университет (ТПУ)  |b Институт международного образования и языковой коммуникации (ИМОЯК)  |b Кафедра русского языка и литературы (РЯЛ)  |3 (RuTPU)RU\TPU\col\18974 
712 0 2 |a Национальный исследовательский Томский политехнический университет (ТПУ)  |b Институт кибернетики (ИК)  |b Кафедра инженерной графики и промышленного дизайна (ИГПД)  |3 (RuTPU)RU\TPU\col\18737 
801 2 |a RU  |b 63413507  |c 20210917  |g RCR 
856 4 |u http://earchive.tpu.ru/handle/11683/21491 
856 4 |u http://www.lib.tpu.ru/fulltext/c/2014/C77/V1/018.pdf 
942 |c BK